000 00869nam a2200253Ia 4500
003 OSt
005 20220918171633.0
006 a|||||r|||| 00| 0
007 ta
008 220917b |||||||| |||| 00| 0 eng d
020 _a9788120835283 (hbk)
_cINR 595.00
024 _a326,556
037 _b54531, 08/03/2018, Segment Book Distributors
_cTextual
040 _aARTS
_cARTS
_beng
041 _2eng
_aeng
082 _aR625, J0;Q7
100 _aChatterjee Satischandra Au.
_937929
245 0 _aNyaya theory of knowledge
_b critical study of some problems of logic and metaphysics
260 _aDelhi
_bMotilal Banarsidass India
_c2017
300 _axix,387p.
_ccm.
650 _aNYAYA PHILOSOPHY
_910608
942 _hR625, J0;Q7
_cTEXL
_2CC
999 _c140602
_d140602